Water

Bibliographic Details
Corporate Author: Title
Format: Book
Published: Kuala Lumpur : Penerbitan Tulus Ilmu , 2006
Series:Science in our world
Subjects:

MARC

LEADER 00000cam a2200000 7i4500
001 0000005791
005 20151222.0
008 070809
020 |a 9833351190 
090 0 0 |a SC   |b ENG 
245 1 0 |a Water   |c Editorial Board 
260 |a Kuala Lumpur :   |b Penerbitan Tulus Ilmu ,   |c 2006 
440 0 |a Science in our world 
500 |a Children ages 10-12 years old (pink) 
650 0 |a Junior fiction   |x English   |x Languages 
710 0 |a Title 
999 |a 0000980393   |b Book   |c Children Collection   |e Perbadanan Perpustakaan Awam Johor 
999 |a 0000980394   |b Book   |c Children Collection   |e Perbadanan Perpustakaan Awam Johor 
999 |a 0000980396   |b Book   |c Children Collection   |e Cawangan Bandar Tenggara